MARC

LEADER 00000nam0a2200000 4500
001 273104
005 20231101234610.0
020 |a RU  |b 87-73598 
035 |a (RuTPU)RU\TPU\book\296313 
090 |a 273104 
100 |a 20141023d1987 k y0rusy5003 ca 
101 0 |a rus 
102 |a RU 
105 |a y z 001zy 
200 1 |a Методы и алгоритмы координации в промышленных системах управления  |f Р. А. Алиев, М. И. Либерзон 
210 |a Москва  |c Радио и связь  |d 1987 
215 |a 208 с. 
320 |a Библиогр.: с. 203-207 (90 назв.) 
606 1 |a Производственные процессы  |x Моделирование  |2 stltpush  |3 (RuTPU)RU\TPU\subj\51976  |9 70475 
610 1 |a автоматизированные системы планирования 
610 1 |a автоматизированные системы управления 
610 1 |a математическое моделирование 
610 1 |a методы 
610 1 |a алгоритмы 
610 1 |a промышленные системы 
610 1 |a применение 
675 |a 658.5.011.56  |z rus  |v 3 
700 1 |a Алиев  |b Р. А.  |g Рафик Азиз оглы  |4 070 
701 1 |a Либерзон  |b М. И.  |g Мирон Израилович  |4 070 
801 0 |a RU  |b RuMRKP  |c 19950417  |g psbo 
801 1 |a RU  |b 63413507  |c 20141023 
801 2 |a RU  |b 63413507  |c 20170320  |g RCR 
942 |c BK